Meiji Taishō bungaku zenshū. Dai 31-kan /

Saved in:
Bibliographic Details
Main Author: Nagai, Kafū, 1879-1959.
Format: Book
Language:Japanese
Published: Tōkyō : Shunʾyōdō, Shōwa 2 [1927]
Subjects:
Tags: Add Tag
No Tags, Be the first to tag this record!
LEADER 01431nam a2200301ui 4500
001 007788444-2
005 20024617121422.0
008 921201s1927 ja 000 0 jpn d
035 0 |a ocm33787880 
040 |a *LWU*  |b jpn  |c *LWU*  |d OCoLC  |d *YNH*  |d CStRLIN 
100 1 |6 880-01  |a Nagai, Kafū,  |d 1879-1959. 
245 1 0 |6 880-02  |a Meiji Taishō bungaku zenshū.  |n Dai 31-kan /  |c Nagai Kafū cho. 
260 |6 880-03  |a Tōkyō :  |b Shunʾyōdō,  |c Shōwa 2 [1927] 
300 |a 558 p. ;  |c 20 cm. 
500 |6 880-04  |a Hibaihin. 
500 |6 880-05  |a Chosha no shōzō ari. 
505 0 |6 880-06  |a Ude kurabe -- Furansu monogatari -- Reishō -- Hiyorigeta -- Sumidagawa -- Kōcha no ato -- Sango shū -- Nagai Kafū ryakuden / Seki Shūichi -- Nagai Kafū chosaku nenpyō: p. 540-558. 
650 0 |a Japanese literature  |y Shōwa period, 1926-1989. 
650 0 |a Japanese literature  |y Taishō period, 1912-1926. 
880 1 |6 100-01  |a 永井荷風,  |d 1879-1959. 
880 1 0 |6 245-02  |a 明治大正文学全集.  |n 第31卷 /  |c 永井荷風著. 
880 |6 260-03  |a 東京 :  |b 春陽堂,  |c 昭和2 [1927] 
880 |6 500-04  |a 非賣品. 
880 |6 500-05  |a 著者の肖像あり. 
880 0 |6 505-06  |a 腕くらべ -- ふらんす物語 -- 冷笑 -- 日和下駄 -- すみだ川 -- 紅茶の後 -- 珊瑚集 -- 永井荷風略伝/ 関秀一 -- 永井荷風著作年表: p. 540-558. 
886 2 |2 jpnmarc  |a 677  |b 918.6 
988 |a 20021220 
906 |0 OCLC